01139 a2200217 4500003000500000005001700005010001700022020002800039040000900067082001600076100002000092245007700112260007100189300004200260505036900302650003400671650003400705700001600739856009000755856007600845Nust20221209091930.0 a 2001045408 a047172047X (alk. paper) cNust00a621.382,SHE1 aSheriff, Ray E.10aMobile satellite communication networks /cRay E. Sheriff and Y. Fun Hu. aChichester, West Sussex, England ;aNew York, NY :bWiley,cc2001. axviii, 368 p. :bill., maps ;c25 cm. aMobile Communication System Evolution (Page-1), Mobile Satellite Systems (Page-43), Constellation Characteristics and Orbital Parameters (Page-83), Channel Characteristics (Page-115), Radio Link Design (Page-147), Network Procedures (Page-197), Integrated Terrestrial Satellite Mobile Networks (Page-247), Market Analysis (Page-293), Future Developments (Page-319) 0aMobile communication systems. 0aTelecommunication Engineering1 aHu, Y. Fun.423Publisher descriptionuhttp://www.loc.gov/catdir/description/wiley034/2001045408.html423Table of Contentsuhttp://www.loc.gov/catdir/toc/onix05/2001045408.html